Contemporary Jewish ethics and morality: a reader
| Contributors: | |
|---|---|
| Format: | Print Book |
| Language: | English |
| Subito Delivery Service: | Order now. |
| Check availability: | HBZ Gateway |
| WorldCat: | WorldCat |
| Interlibrary Loan: | Interlibrary Loan for the Fachinformationsdienste (Specialized Information Services in Germany) |
| Published: |
New York Oxford
Oxford University Press
1995
|
| In: | Year: 1995 |
| Volumes / Articles: | Show volumes/articles. |
| Standardized Subjects / Keyword chains: | B
Judaism
/ Ethics
|
| Further subjects: | B
Collection of essays
B Medicine Religious aspects Judaism B Judaism 20th century B Judaism 20th century B Ethics, Jewish B Judaism and social problems B Jewish Law Moral and ethical aspects B Judaism Ethics B Jewish ethics |
| Online Access: |
Verlagsangaben (Publisher) |
MARC
| LEADER | 00000cam a2200000 c 4500 | ||
|---|---|---|---|
| 001 | 27866525X | ||
| 003 | DE-627 | ||
| 005 | 20251222213722.0 | ||
| 007 | tu | ||
| 008 | 950905s1995 xxu||||| 00| ||eng c | ||
| 010 | |a 94-12180 | ||
| 016 | 7 | |a b9549176 |2 UK | |
| 020 | |a 9780195090666 |9 978-0-19-509066-6 | ||
| 020 | |a 0195090659 |9 0-19-509065-9 | ||
| 020 | |a 0195090667 |9 0-19-509066-7 | ||
| 035 | |a (DE-627)27866525X | ||
| 035 | |a (DE-576)047600799 | ||
| 035 | |a (DE-599)GBV27866525X | ||
| 035 | |a (OCoLC)246810569 | ||
| 040 | |a DE-627 |b ger |c DE-627 |e rakwb | ||
| 041 | |a eng | ||
| 044 | |c XD-US | ||
| 050 | 0 | |a BJ1285 | |
| 082 | 0 | |a 296.385 | |
| 082 | 0 | |a 296.3/85 | |
| 084 | |a 0 |a 1 |2 ssgn | ||
| 084 | |a CC 7000 |2 rvk |0 (DE-625)rvk/17670: | ||
| 084 | |a CD 1400 |2 rvk |0 (DE-625)rvk/17727: | ||
| 084 | |a CD 1100 |2 rvk |0 (DE-625)rvk/17718: | ||
| 245 | 0 | 0 | |a Contemporary Jewish ethics and morality |b a reader |c ed. by Elliot Dorff, Louis E. Newman |
| 263 | |a Gewebe : No price ; kart. : No price. | ||
| 264 | 1 | |a New York |a Oxford |b Oxford University Press |c 1995 | |
| 300 | |a XIII, 468 S. | ||
| 336 | |a Text |b txt |2 rdacontent | ||
| 337 | |a ohne Hilfsmittel zu benutzen |b n |2 rdamedia | ||
| 338 | |a Band |b nc |2 rdacarrier | ||
| 583 | 1 | |a Archivierung/Langzeitarchivierung gewährleistet |f SSG |x XA-DE-BW |2 pdager |5 DE-21 | |
| 650 | 0 | |a Ethics, Jewish | |
| 650 | 0 | |a Jewish Law |x Moral and ethical aspects | |
| 650 | 0 | |a Medicine |x Religious aspects |x Judaism | |
| 650 | 0 | |a Judaism |x 20th century | |
| 650 | 0 | |a Judaism |x Ethics | |
| 650 | 0 | |a Jewish ethics | |
| 650 | 0 | |a Jewish Law |x Moral and ethical aspects | |
| 650 | 0 | |a Judaism and social problems | |
| 650 | 0 | |a Medicine |x Religious aspects |x Judaism | |
| 650 | 0 | |a Judaism |y 20th century | |
| 655 | 7 | |a Aufsatzsammlung |0 (DE-588)4143413-4 |0 (DE-627)105605727 |0 (DE-576)209726091 |2 gnd-content | |
| 689 | 0 | 0 | |d s |0 (DE-588)4114087-4 |0 (DE-627)104603151 |0 (DE-576)20948182X |2 gnd |a Judentum |
| 689 | 0 | 1 | |d s |0 (DE-588)4015602-3 |0 (DE-627)106335987 |0 (DE-576)208912614 |2 gnd |a Ethik |
| 689 | 0 | |5 (DE-627) | |
| 700 | 1 | |e Hrsg. |0 (DE-588)1031548149 |0 (DE-627)736644229 |0 (DE-576)165962526 |4 edt |a Dorff, Elliot N. |d 1943- | |
| 856 | 4 | 2 | |u http://www.loc.gov/catdir/enhancements/fy0604/94012180-d.html |v 2016-01-19 |x Verlag |3 Verlagsangaben |7 1 |
| 935 | |a mteo | ||
| 935 | |i Blocktest | ||
| 936 | r | v | |a CC 7000 |b Geschichte der Ethik |k Philosophie |k Systematische Philosophie |k Ethik |k Geschichte der Ethik |0 (DE-627)1270639056 |0 (DE-625)rvk/17670: |0 (DE-576)200639056 |
| 936 | r | v | |a CD 1400 |b Jüdische Tradition |k Philosophie |k Geschichte der Philosophie |k Geschichte der Philosophie des Abendlandes von Antike bis 20. Jahrhundert |k Epochenübergreifende Regionalgeschichten der abendländischen Philosophie |k Jüdische Tradition |0 (DE-627)1270639439 |0 (DE-625)rvk/17727: |0 (DE-576)200639439 |
| 936 | r | v | |a CD 1100 |b Epochenübergreifende Gesamtdarstellungen |k Philosophie |k Geschichte der Philosophie |k Geschichte der Philosophie des Abendlandes von Antike bis 20. Jahrhundert |k Epochenübergreifende Gesamtdarstellungen |0 (DE-627)1270639358 |0 (DE-625)rvk/17718: |0 (DE-576)200639358 |
| 951 | |a BO | ||
| ACO | |a 1 | ||
| ELC | |b 1 | ||
| ITA | |a 1 |t 1 | ||
| LOK | |0 000 xxxxxcx a22 zn 4500 | ||
| LOK | |0 001 3075942898 | ||
| LOK | |0 003 DE-627 | ||
| LOK | |0 004 27866525X | ||
| LOK | |0 005 20130326171257 | ||
| LOK | |0 008 960410||||||||||||||||ger||||||| | ||
| LOK | |0 040 |a DE-21 |c DE-627 |d DE-21 | ||
| LOK | |0 852 |a DE-21 | ||
| LOK | |0 852 1 |c 36 A 562 |9 00 | ||
| LOK | |0 935 |a theo |a vord |a theo | ||
| LOK | |0 936ln |a v4.3 | ||
| LOK | |0 936ln |a t13 | ||
| LOK | |0 939 |a 10-04-96 |b l01 | ||
| LOK | |0 000 xxxxxcx a22 zn 4500 | ||
| LOK | |0 001 3075942960 | ||
| LOK | |0 003 DE-627 | ||
| LOK | |0 004 27866525X | ||
| LOK | |0 005 20100408164856 | ||
| LOK | |0 008 000929||||||||||||||||ger||||||| | ||
| LOK | |0 040 |a DE-21-35 |c DE-627 |d DE-21-35 | ||
| LOK | |0 541 |e 00/1622 | ||
| LOK | |0 852 |a DE-21-35 | ||
| LOK | |0 852 1 |c Ol 55.7 |m p |9 00 | ||
| LOK | |0 938 |k p | ||
| LOK | |0 938 |l K10 |8 0 | ||
| LOK | |0 939 |a 29-09-00 |b l01 | ||
| ORI | |a SA-MARC-ixtheoa001.raw | ||
| REL | |a 1 | ||
| SPR | |a 1 |t IXT |t REL | ||
| STA | 0 | 0 | |a Ethics,Ethics,Moral philosophy,Philosophical Ethics,Ethics,Judaism,Judaism,Judaism in literature |
| STB | 0 | 0 | |a Judaïsme,Judaïsme,Éthique,Éthique,Morale,Morale,Morale |
| STC | 0 | 0 | |a Judaísmo,Judaísmo,Ética,Ética,Ética moderna |
| STD | 0 | 0 | |a Ebraismo,Ebraismo,Etica,Etica |
| STE | 0 | 0 | |a 伦理学,道德哲学,道德学,犹太教,犹太教 |
| STF | 0 | 0 | |a 倫理學,道德哲學,道德學,猶太教,猶太教 |
| STG | 0 | 0 | |a Judaísmo,Judaísmo,Ética,Ética |
| STH | 0 | 0 | |a Иудаизм,Иудаизм (мотив),Этика (мотив),Этика |
| STI | 0 | 0 | |a Ηθική (μοτίβο),Ηθική,Ιουδαϊσμός,Ιουδαϊσμός (μοτίβο) |
| SUB | |a REL | ||
| SYG | 0 | 0 | |a Judaism,Judaismus,Jüdische Religion,Zionism,Zionismus,Jüdische Religion,Judaismus,Jüdische Religion,Judaismus , Ethics,Moral,Morality,Moralphilosophie,Tugend,Wertethik,Ethische Theorie,Moral,Philosophische Ethik,Sittenlehre,Moralphilosophie |



